| 000 | 00451pam a2200169a 44500 | ||
|---|---|---|---|
| 008 | 230405s1967 xxu||||| |||| 00| 0 eng d | ||
| 041 | _aENG | ||
| 100 | _aTHEODORE COOKE | ||
| 245 | _aFLORA OF THE PEISIDENY OF BOMDAY VOL- 2 | ||
| 250 | _a2ND . Ed. | ||
| 260 |
_aKOLKATA _bBOTANICAL SURVEY OF INDIA _c1967 |
||
| 300 | _a615p. | ||
| 440 | _aSOURES = BOTANICAL SURVEY OF INDIA , KOLKATA | ||
| 650 | _aBOTANY | ||
| 690 | _aBOTANY | ||
| 906 | _a12961 | ||
| 999 |
_c793170 _d793170 |
||